Round the World Again in 80 Days (Record no. 574076)

MARC details
000 -LEADER
fixed length control field 01158nam a2200169Ia 4500
008 - FIXED-LENGTH DATA ELEMENTS--GENERAL INFORMATION
fixed length control field 250626s9999 xx 000 0 und d
020 ## - INTERNATIONAL STANDARD BOOK NUMBER
ISBN 9781860645921
082 ## - DEWEY DECIMAL CLASSIFICATION NUMBER
Classification number 910.41
Item number COC
100 ## - MAIN ENTRY--AUTHOR NAME
Personal name Cocteau, Jean
245 #0 - TITLE STATEMENT
Title Round the World Again in 80 Days
260 ## - PUBLICATION, DISTRIBUTION, ETC. (IMPRINT)
Name of publisher Tauris Parke Paperbacks
Year of publication 2000
300 ## - PHYSICAL DESCRIPTION
Number of Pages 266 pages
500 ## - GENERAL NOTE
General note Jean Cocteau retraces the most celebrated round-the-world voyage of all time: that of Jules Verne’s Phileas Fogg in 1873. Taking up an impulsive challenge from the editor of Paris-Soir, Cocteau sets off with his very own ‘Passepartout’ as companion on a picaresque voyage some sixty-three years after his fictional predecessor. He finds that the journey has lost none of its hazards and adventures as he races around the globe in tramp-ship, railway and ocean liner. Observing and recording the frenetic change of scenes from Athens and Alexandria to Bombay, Rangoon, and Yokohama and finally across the United States, Cocteau’s witty, subjective and sometimes outrageous narrative gives this unique travel-memoir a camp and stylish spin.
650 ## - SUBJECT ADDED ENTRY--TOPICAL TERM
Topical Term Travel
942 ## - ADDED ENTRY ELEMENTS (KOHA)
Koha item type English Books
Holdings
Withdrawn status Lost status Damaged status Not for loan Home library Current library Shelving location Date acquired Full call number Accession Number Price effective from Koha item type
        Anna Centenary Library Anna Centenary Library 7TH FLOOR, B WING 26.06.2025 910.41 COC 492765 26.06.2025 English Books

Find us on the map